LEADER 00792nam a2200205 i 4500 001 000000179943 003 CaOOAMICUS 005 20090611000000.0 008 090611s1957 it u000 u fre u 013 $a157559 040 $aSeMil$bita 245 10$a1721-1768. 300 $aXXXVI, 171 p. 490 0 $aStudi e testi passionisti ;$v3 700 1 $aLaer, Hilarion : van.$0(OLS)http://semarc/name/9666 773 0 $aLaer, Hilarion : van$tSaint Paul de la Croix et le Saint-Siège.$dSan Gabriele dell'Addolorata (TE) : Edizioni Eco, 1957.$g1$w()21621 830 0$aStudi e testi passionisti ;$v3.$0(OLS)http://semarc/title/19135 850 $aSeMil 852 $aSeMil$W1$xVenegono$y1$m3B IV 101$j130696$B130696$CSeMilBibl$Z2$F142226 $81 996 $6245$a1721-1768$9(OLS)http://semarc/title/258368 LEADER 01126nam a2200229 i 4500 001 000000050987 003 CaOOAMICUS 005 20100121000000.0 008 100121s1983 xx u000 u eng u 013 $a22158 040 $aSeMil$bita 100 1 $aMartini, Carlo Maria,$c.$0(OLS)http://semarc/name/89159 240 13$aLe confessioni di Paolo.$0(OLS)http://semarc/title/69886 245 14$aThe Testimony of St Paul :$bmeditations on the life and letters of St. Paul /$cCarlo Maria Martini ; translate by Susan Leslie. 260 $aMiddlegreen (England) :$bSt Paul Publications,$ccopyr. 1983. 300 $a102 p. ;$c21 cm. 600 04$aPaolo .$0(OLS)http://semarc/subject/1316 700 1 $aLeslie, Susan.$0(OLS)http://semarc/name/25225 850 $aSeMil 852 $aSeMil$W1$xVenegono$y1$m2F II 238/A$j17142$B17142$CSeMilBibl$Z2$F17142 $81 996 $6245$aThe Testimony of St Paul :$bmeditations on the life and letters of St. Paul$9(OLS)http://semarc/title/77965 996 $6260$aMiddlegreen (England) :$bSt Paul Publications$9(OLS)http://semarc/publisher/41304